| 000 | 00694nam a2200217 i 4500 | ||
|---|---|---|---|
| 001 | 44587 | ||
| 003 | ES-MaACL | ||
| 005 | 20230906161047.0 | ||
| 007 | t| | ||
| 008 | 030321s1946 sp ||||1| spa d | ||
| 100 | 1 |
_aClerissac, Humbert. _939229 |
|
| 245 | 1 | 3 |
_aEl misterio de la Iglesia / _cHumbert Clerissac ; [traducción de A.V. ; prólogo, José Guerra Campos]. |
| 260 |
_a[Madrid : _bEdiciones y Publicaciones Españolas, _c1946] ( _fS. Aguirre) |
||
| 300 |
_aXLIV, 148 p. ; _c22 cm. |
||
| 490 | 1 | _aSol y luna | |
| 650 | 4 |
_aCuerpo místico. _9146588 |
|
| 700 | 1 |
_aGuerra Campos, José. _960505 |
|
| 830 | 1 |
_aSol y luna _9184449 |
|
| 852 |
_aES-MaACL _jE-1779 |
||
| 999 |
_c44587 _d44587 |
||